Phóng sự Việt Nam 1932 - 1945.nt. I /
Na minha lista:
| Outros Autores: | , , |
|---|---|
| Formato: | Sách giấy |
| Idioma: | Vietnamese |
| Publicado em: |
H. :
Văn học,
2000
|
| Assuntos: | |
| Tags: |
Adicionar Tag
Sem tags, seja o primeiro a adicionar uma tag!
|
| Thư viện lưu trữ: | Thư viện Trường Đại học Đà Lạt |
|---|
| LEADER | 00837nam a2200325 4500 | ||
|---|---|---|---|
| 001 | DLU020017412 | ||
| 005 | ##3/27/2001 | ||
| 020 | # | # | |a 978- |
| 041 | # | # | |a vie |
| 082 | # | # | |a 895.922 08 |b Pho |
| 245 | # | # | |a Phóng sự Việt Nam 1932 - 1945.nt. I / |c Tam Lang, Nguyễn Đình Lạp, Thạch Lam, ... |
| 260 | # | # | |a H. : |b Văn học, |c 2000 |
| 300 | # | # | |a 1316 tr.; |c 25 cm. |
| 653 | # | # | |a Nguyễn Tuân, 1910-1987 |
| 653 | # | # | |a Phóng sự |
| 653 | # | # | |a Sưu tập văn học |
| 653 | # | # | |a Thạch Lam, 1910-1942 |
| 653 | # | # | |a Văn học Việt Nam |
| 700 | # | # | |a Tam Lang |
| 700 | # | # | |a Thạch Lam |
| 700 | # | # | |a Nguyễn Đình Lạp |
| 992 | # | # | |a 150000 |
| 994 | # | # | |a DLU |
| 900 | # | # | |a False |
| 911 | # | # | |a Administrator |
| 925 | # | # | |a G |
| 926 | # | # | |a A |
| 927 | # | # | |a SH |
| 980 | # | # | |a Thư viện Trường Đại học Đà Lạt |